Mistrzowie Polski w piłkę nożną - Statystyki

Ogólne statystyki
  • Ten quiz został rozwiązany 1 619 razy
  • Średni wynik to 75 z 89
Statystyki odpowiedzi
Rok Klub % Poprawnych
1983 Lech Poznań
99%
1984 Lech Poznań
99%
1990 Lech Poznań
99%
1992 Lech Poznań
99%
1993 Lech Poznań
99%
2010 Lech Poznań
99%
2015 Lech Poznań
99%
2022 Lech Poznań
99%
1955 Legia Warszawa
99%
1956 Legia Warszawa
99%
1969 Legia Warszawa
99%
1970 Legia Warszawa
99%
1994 Legia Warszawa
99%
1995 Legia Warszawa
99%
2002 Legia Warszawa
99%
2006 Legia Warszawa
99%
2013 Legia Warszawa
99%
2014 Legia Warszawa
99%
2016 Legia Warszawa
99%
2017 Legia Warszawa
99%
2018 Legia Warszawa
99%
2020 Legia Warszawa
99%
2021 Legia Warszawa
99%
1927 Wisła Kraków
93%
1928 Wisła Kraków
93%
1949 Wisła Kraków
93%
1950 Wisła Kraków
93%
1951 Wisła Kraków
93%
1978 Wisła Kraków
93%
1999 Wisła Kraków
93%
2001 Wisła Kraków
93%
2003 Wisła Kraków
93%
2004 Wisła Kraków
93%
2005 Wisła Kraków
93%
2008 Wisła Kraków
93%
2009 Wisła Kraków
93%
2011 Wisła Kraków
93%
2023 Raków Częstochowa
92%
2024 Jagiellonia Białystok
91%
1977 Śląsk Wrocław
82%
2012 Śląsk Wrocław
82%
1957 Górnik Zabrze
81%
1959 Górnik Zabrze
81%
1961 Górnik Zabrze
81%
1963 Górnik Zabrze
81%
1964 Górnik Zabrze
81%
1965 Górnik Zabrze
81%
1966 Górnik Zabrze
81%
1967 Górnik Zabrze
81%
1971 Górnik Zabrze
81%
1972 Górnik Zabrze
81%
1985 Górnik Zabrze
81%
1986 Górnik Zabrze
81%
1987 Górnik Zabrze
81%
1988 Górnik Zabrze
81%
1933 Ruch Chorzów
80%
1934 Ruch Chorzów
80%
1935 Ruch Chorzów
80%
1936 Ruch Chorzów
80%
1938 Ruch Chorzów
80%
1952 Ruch Chorzów
80%
1953 Ruch Chorzów
80%
1960 Ruch Chorzów
80%
1968 Ruch Chorzów
80%
1974 Ruch Chorzów
80%
1975 Ruch Chorzów
80%
1979 Ruch Chorzów
80%
1989 Ruch Chorzów
80%
1930 Cracovia
78%
1932 Cracovia
78%
1937 Cracovia
78%
1948 Cracovia
78%
1954 Polonia Bytom
78%
1962 Polonia Bytom
78%
2000 Polonia Warszawa
78%
1981 Widzew Łódź
76%
1982 Widzew Łódź
76%
1996 Widzew Łódź
76%
1997 Widzew Łódź
76%
2019 Piast Gliwice
75%
1958 ŁKS Łódź
69%
1998 ŁKS Łódź
69%
1991 Zagłębie Lubin
68%
2007 Zagłębie Lubin
68%
1973 Stal Mielec
49%
1976 Stal Mielec
49%
1929 Warta Poznań
46%
1980 Szombierki Bytom
31%
1931 Garbarnia Kraków
22%
Nie znaleziono quizów pasujących do podanych kryteriów
Rozkład punktacji
Procent ludzi z każdym wynikiem
Percentyl według liczby udzielonych odpowiedzi
Twoja historia wyników
Nie rozwiązałeś tego quizu